震度6弱以上を観測した自治体 - Statistics

General Stats
  • This quiz has been taken 60 times
    29 since last reset
  • The average score is 121 of 257
Answer Stats
Answer % Correct
仙台市宮城野区
85%
仙台市青葉区
85%
仙台市若林区
85%
仙台市泉区
85%
熊本市東区
81%
熊本市南区
81%
熊本市北区
81%
熊本市中央区
81%
熊本市西区
81%
石巻市
77%
桃生町
77%
河南町
77%
気仙沼市
77%
栗駒町
73%
高清水町
73%
金成町
73%
小国町
73%
栗原市
73%
名取市
73%
福島市
73%
七尾市
73%
珠洲市
73%
輪島市
73%
いわき市
73%
川口町
69%
山古志村
69%
長岡市
69%
越路町
69%
三島町
69%
栃尾市
69%
相馬市
69%
能登町
69%
女川町
65%
淀江町
65%
大船渡市
65%
大和町
65%
南相馬市
65%
郡山市
65%
日立市
65%
松島町
65%
八戸市
65%
穴水町
65%
阿蘇市
65%
神津島村
62%
新島村
62%
矢本町
62%
鳴瀬町
62%
鹿島台町
62%
十日町市
62%
川西町
62%
中里村
62%
松代町
62%
大崎市
62%
東松島市
62%
浪江町
62%
福岡市東区
62%
福岡市中央区
62%
水戸市
62%
淡路市
62%
室根村
58%
江刺市
58%
衣川村
58%
小千谷市
58%
堀之内町
58%
広神村
58%
守門村
58%
入広瀬村
58%
安塚町
58%
六日町
58%
岩沼市
58%
双葉町
58%
一関市
58%
藤沢町
58%
奥州市
58%
南三陸町
58%
白石市
58%
柏崎市
58%
上越市
58%
益城町
58%
高萩市
58%
高槻市
58%
茨木市
58%
村上市
58%
志賀町
58%
境港市
54%
白河市
54%
鉾田市
54%
日高町
54%
厚真町
54%
十島村
54%
天草市
54%
西原村
54%
北茨城市
54%
ひたちなか市
54%
川内市
50%
三宅村
50%
刈羽村
50%
登米市
50%
亘理町
50%
須賀川市
50%
塩竈市
50%
釜石市
50%
花巻市
50%
利府町
50%
菊陽町
50%
大阪市北区
50%
箕面市
50%
千歳市
50%
札幌市東区
50%
鶴岡市
50%
栄村
50%
東海村
50%
つくば市
50%
鹿嶋市
50%
神栖市
50%
長野市
50%
平泉町
46%
小牛田町
46%
静内町
46%
蔵王町
46%
山元町
46%
二本松市
46%
大熊町
46%
本宮市
46%
宇都宮市
46%
前原市
46%
階上町
46%
合志市
46%
菊池市
46%
むかわ町
46%
中能登町
46%
津南町
46%
八代市
46%
南阿蘇村
46%
宇土市
46%
宇城市
46%
土浦市
46%
つくばみらい市
46%
南郷町
42%
浦河町
42%
角田市
42%
田村市
42%
伊達市
42%
楢葉町
42%
富岡町
42%
広野町
42%
常陸大宮市
42%
筑西市
42%
大和町
42%
富谷町
42%
産山村
42%
倉吉市
42%
枚方市
42%
安平町
42%
富士宮市
42%
別府市
42%
玉名市
42%
上天草市
42%
常陸太田市
42%
おいらせ町
38%
雫石町
38%
日吉津村
38%
美里町
38%
川崎町
38%
桑折町
38%
新地町
38%
笠間市
38%
函館市
38%
日南市
38%
伊豆市
38%
焼津市
38%
御前崎市
38%
大津町
38%
嘉島町
38%
茨城町
38%
石岡市
38%
稲敷市
38%
かすみがうら市
38%
那須塩原市
38%
那須烏山市
38%
日野町
35%
河内町
35%
国見町
35%
大河原町
35%
大衡村
35%
鏡石町
35%
那珂市
35%
小美玉市
35%
真岡市
35%
出雲崎町
35%
湯梨浜町
35%
平取町
35%
牧之原市
35%
矢吹町
35%
玉川村
35%
猪苗代町
35%
行方市
35%
桜川市
35%
常総市
35%
那須町
35%
西伯町
31%
会見町
31%
岸本町
31%
溝口町
31%
涌谷町
31%
新冠町
31%
釧路町
31%
天栄村
31%
川俣町
31%
大郷町
31%
西郷村
31%
棚倉町
31%
小野町
31%
由布市
31%
御船町
31%
取手市
31%
美浦村
31%
坂東市
31%
芳賀町
31%
飯舘村
27%
大田原市
27%
高根沢町
27%
滝沢村
27%
野田村
27%
和水町
27%
宿毛市
27%
山都町
27%
城里町
27%
潮来市
27%
熊野町
23%
大崎町
23%
豊頃町
23%
厚岸町
23%
川内村
23%
市貝町
23%
矢巾町
23%
飯綱町
23%
五戸町
23%
印西市
23%
北栄町
23%
愛南町
23%
浅川町
23%
氷川町
23%
那珂川町
23%
小谷村
23%
桐生市
19%
成田市
19%
中島村
19%
古殿町
19%
幕別町
15%
忠類村
15%
宮代町
15%
小川村
15%
みやき町
12%
鹿追町
8%
No matching quizzes found
Score Distribution
Percent of People with Each Score
Percentile by Number Answered
Your Score History
You have not taken this quiz since the last reset